000 00850nam a2200193 i 4500
001 32101
003 ES-MaACL
005 20230906154519.0
007 t|
008 030219s1858 sp ||||1| spa d
080 _a336.722(460.27 M.)(055.5)
110 2 _aCaja de Ahorros de Madrid.
_92287
245 1 0 _aMemoria anual de la Caja de Ahorros de Madrid y estados generales de su situación y operaciones hasta 31 de diciembre de 1857, leidos en Junta general Directiva de 29 de enero de 1858... /
_c[por Jerónimo del Campo].
260 _aMadrid :
_b[s.n.],
_c1858 (
_fImp. de la Viuda de Don Antonio Yenes)
300 _a8, [8] p. ;
_c19 cm.
610 2 4 _aCaja de Ahorros de Madrid-
_vMemorias.
_9143740
700 1 _aCampo, Jerónimo del.
_934196
852 4 _aES-MaACL
_jT-18-F-1
_z- Enc. hol., falto de cub. original
_z- Enc. en un vol. factic.
999 _c32101
_d32101